[Event "Floripa Chess Open 2024"]
[Site "Florianopolis"]
[Date "2024.01.28"]
[Round "10.74"]
[White "Szuba, Joao Gabriel Muniz"]
[Black "Cantarino Neto, Mario Ribeiro"]
[Result "1-0"]
[WhiteElo "1709"]
[BlackElo "1944"]
[PlyCount "89"]
[EventDate "2024.01.20"]
[EventRounds "10"]
[EventCountry "BRA"]

1. d4 {Sumets,A} d5 2. c4 e6 3. Nf3 Nf6 4. g3 dxc4 5. Bg2 a6 6. O-O Nc6 7. e3
Bd7 8. Ne5 ({RR} 8. Qe2 Bd6 ({RR} 8... b5) 9. Qxc4 O-O 10. Rd1 ({RR} 10. Nc3 b5
11. Qb3 ({RR} 11. Qe2 b4 12. Nb1 ({RR} 12. Na4 Ne7 ({RR} 12... e5 13. dxe5 Nxe5
14. Nxe5 Bxe5 15. Rd1 ({RR} 15. Bxa8 Qxa8 16. f4 Bb5 ({RR} 16... Bd6 17. b3 Bb5
18. Qf3 Bxf1 19. Qxa8 Rxa8 20. Kxf1 Ne4) 17. Qf3 Bc6 18. Qe2 Bd6 19. b3 Qe8 20.
Bb2 Bb5 21. Qd2 Bxf1 22. Rxf1 Ne4 23. Qd4 f6) 15... Qe8 16. Nc5 Bc6) 13. Qc2
Bc6 14. Nc5 Bxc5 15. Qxc5 Rb8) 12... Na5 ({RR} 12... Ne7 13. e4 Bb5 14. Qe1
Bxf1 15. Bxf1 Nd7 16. e5 a5 17. Nbd2 Nf5 18. exd6 cxd6 19. Nc4) 13. Rd1 Bb5 14.
Qe1 ({RR} 14. Qc2 Rc8 15. e4 c5 16. d5 ({RR} 16. e5 cxd4 17. Qd2 Ne4 18. Qe1
Nxf2 19. Qxf2 Bc5 20. b3 Qb6 21. Kh1 d3 22. Qb2 Rfd8) 16... e5) 14... Qe8)
11... b4 12. Ne2 Na5 13. Qd1 Bb5 14. Re1 Rc8 15. b3 Qe7 16. Bb2 Rfd8 17. Qb1
Bc6 ({RR} 17... c5 18. dxc5 Bxc5 19. Ned4 ({RR} 19. Ng5 Bd3) 19... Bd7) 18. Ng5
Bxg2 19. Kxg2 h6 ({RR} 19... e5 20. Ne4 exd4 21. Nxf6+ Qxf6 22. exd4 ({RR} 22.
Nxd4 Be5 23. Re2 c5 24. Nf3 Bc3 25. Bxc3 bxc3 26. Qc2 c4 27. Rc1 ({RR} 27. b4
Nc6 28. a3 Rd3) 27... cxb3 28. axb3 Qe6) ({RR} 22. Bxd4 Qe6 23. Qb2 f6 24. Qc2
c5 25. Bb2 c4) 22... Re8 23. Qd3 Qg5 24. Rac1 Qd5+ 25. Qf3 Qxf3+ 26. Kxf3 f6)
20. Ne4 Nd5 ({RR} 20... Nxe4 21. Qxe4 c5 22. dxc5 Bxc5 23. Red1 Nb7) 21. Qd3
Ra8 22. Rac1) 10... Rb8 ({RR} 10... Qe7 11. Qe2 e5 ({RR} 11... Rad8 12. e4 ({RR
} 12. Nc3 e5) 12... e5 13. d5 Nd4 14. Nxd4 exd4 15. Bg5 ({RR} 15. Rxd4 Bc5 16.
Rd2 Ng4) 15... h6 16. Bxf6 Qxf6 17. Nd2 Rfe8) 12. dxe5 Nxe5 ({RR} 12... Bxe5
13. Nxe5 ({RR} 13. Nc3 Bd6 14. e4 Rfe8) 13... Nxe5 14. Nc3 ({RR} 14. Bxb7 Bg4
15. f3 Rab8 16. fxg4 Rxb7) 14... Rad8 15. e4 Bg4 16. f3 Be6) 13. Nxe5 Bxe5 14.
Bxb7 Rad8 ({RR} 14... Bb5 15. Qc2 Rad8 16. Nc3 Rxd1+ 17. Qxd1 Rd8 18. Qc2 Bd3
19. Qb3 Qd7 ({RR} 19... c5 20. Nd5 Nxd5 21. Bxd5) 20. Bg2 c5 21. Bd2 Rb8 22.
Qa3 c4) 15. Na3 c6 ({RR} 15... Bg4 16. Bf3 ({RR} 16. f3 Rxd1+ 17. Qxd1 Rb8 18.
fxg4 Rxb7 19. g5 Nd7) 16... Rxd1+ 17. Qxd1 Rd8 18. Qe2 Bxf3 19. Qxf3 Qe6) 16.
Nc4 Bg4 17. f3 Rxd1+ 18. Qxd1 Rd8 19. Qe2 Bh3 20. Bxa6 Nh5 21. Nxe5 Qxe5 22.
Kf2 Nf6 23. Bd2 ({RR} 23. e4 Rb8 24. Rb1) 23... Qxb2) 11. Nbd2 ({RR} 11. Nc3 e5
12. d5 ({RR} 12. dxe5 Nxe5 13. Nxe5 Bxe5 14. e4 Qe7 15. Bg5 Be6 16. Qe2 h6)
12... Ne7 13. e4 b5 14. Qe2 h6 15. b3 b4 16. Nb1 Bb5 17. Qe1 c6 ({RR} 17... a5
18. a4 Ba6 19. Bb2) 18. dxc6 Qc7 19. Bb2 ({RR} 19. a4 bxa3 20. Nxa3 Bxc6 21.
Nc4 Bb4 22. Bd2 Bxd2 23. Nfxd2 Bb5) 19... Nxc6 20. Nbd2 Bc5 21. h3 Rfd8 22.
Rac1 Qe7 23. Bf1 Nd4 24. Nh4 g6 25. Bxb5 Rxb5) ({RR} 11. b3 e5 ({RR} 11... b5
12. Qc2 e5 13. Bb2 ({RR} 13. dxe5 Nxe5 14. Bb2 Qe7 15. Nbd2 Rfe8 16. Nxe5 Bxe5
17. Bxe5 Qxe5 18. Rac1) 13... Qe7 14. Nbd2 ({RR} 14. dxe5) 14... Rfc8 15. a3 h6
16. Nh4 Nd8 17. Nf5 Bxf5 18. Qxf5 exd4 19. Bxd4 c5 20. Rac1 ({RR} 20. Bxf6 Qxf6
21. Qxf6 gxf6 22. Ne4 ({RR} 22. a4 Kg7 23. axb5 axb5 24. Bd5) 22... Be5 23.
Rab1) 20... Qe6 21. Qxe6 Nxe6 22. Bxf6 gxf6 23. Ne4 Be7 24. Nd6 ({RR} 24. Rd7
Kf8 25. Ra7 c4 26. b4 Ra8 27. Rxa8 Rxa8 28. Nxf6 Rd8 29. Nd5) 24... Rd8 25. Nf5
Bf8 26. Bd5) 12. Bb2 Qe7 ({RR} 12... e4 13. Ne5 ({RR} 13. Nfd2 Re8 14. Nc3 Bf5
15. a3 Qd7) 13... Qe7 14. Nxd7 ({RR} 14. Nd2 Nxe5 15. dxe5 Bxe5 16. Bxe5 Qxe5
17. Nxe4 Nxe4 18. Qxe4 Qxe4 19. Bxe4 Rfd8) 14... Nxd7 15. Nd2 Nb6 16. Qe2) 13.
dxe5 Nxe5 14. Nxe5 Bxe5 15. Bxe5 Qxe5 16. Nd2 ({RR} 16. Nc3 c6 17. Qd4 Qh5 18.
Ne4 Nxe4 19. Qxd7 ({RR} 19. Bxe4 Be6 20. Rd2 g6 21. Rad1 Rfe8) 19... Nc3 20.
Rd2 Qe5 21. Qd4 Qxd4 22. exd4) 16... Be6 17. Qc2 Bg4 18. Re1 Rfd8 19. h3 Be6
20. Nf3 Qa5 21. Nd4 Bd5 ({RR} 21... Bd7 22. Rac1 c6 23. Red1 h6) 22. e4 ({RR} 
22. Red1 Bxg2 23. Kxg2 c6) 22... Bxe4 ({RR} 22... c5 23. Nf3 Be6 24. e5 Nd7 25.
Ng5) 23. Rxe4 Nxe4 24. Qxe4 Qc3 25. Nc2 Rd2) 11... e5 ({RR} 11... Qe7 12. Qe2
e5 13. dxe5 Nxe5 14. Nxe5 Bxe5 15. Nc4 Rfd8 16. Qc2 ({RR} 16. Nxe5 Qxe5 17. Qc2
Bf5) 16... Bb5 17. Rxd8+ Rxd8 18. Nxe5 Qxe5 19. Bd2 Bd3 20. Qb3 Ne4) 12. dxe5
Bxe5 ({RR} 12... Nxe5 13. Nxe5 Bxe5 14. Nf3 Bd6 15. e4 Bb5 ({RR} 15... Ng4 16.
h3 Ne5 17. Nxe5 Bxe5 18. f4 Bd6 19. Be3 Qc8 20. g4 Be6 21. Qc3) ({RR} 15... Qe8
16. Re1 ({RR} 16. e5 Bxe5 17. Nxe5 ({RR} 17. Re1 Be6) 17... Qxe5 18. Bf4 Qxb2
19. Qxc7 Be6 20. Qe5 Qxe5 21. Bxe5 Rbd8 22. Bxb7 Rxd1+ 23. Rxd1 Bxa2) 16... Be6
17. Qc2 Nd7 18. e5 Be7 19. Nd4) 16. Qc2 Qe7 17. e5 Bxe5 18. Re1 Nd7 19. Nxe5
Nxe5 20. Bf4 f6 21. Rac1 Rfc8 ({RR} 21... c6 22. Bxe5 fxe5 23. a4) 22. Qc3 Kh8
23. Bxe5 fxe5 24. Rxe5) 13. Qe2 ({RR} 13. Ne4 Nxe4 14. Nxe5 Nxe5 15. Qxe4 Re8
16. b3 Qf6 17. Bb2 Nf3+ 18. Bxf3 Qxb2 19. Qd4 Qxd4 20. Rxd4 Be6) 13... Qe7 14.
Nc4 Rfd8 15. Bd2 ({RR} 15. Qc2 Bg4 16. Rxd8+ Rxd8 17. Bd2 Nd7 18. Nfxe5 Ndxe5
19. Nxe5 Qxe5 20. Bc3) 15... Bd4 16. Rac1 ({RR} 16. Nxd4 Nxd4 17. Qf1 Nc6 18.
Be1) 16... Bf5 17. Qe1 Bc5 18. a3 b5 ({RR} 18... Ne4 19. Bc3 Rxd1 20. Rxd1 Rd8)
({RR} 18... Be4 19. Bc3 Ba7 ({RR} 19... h6 20. Ncd2 Bh7 21. Bxf6) 20. b4 h6 21.
Bb2 Qe6) 19. Na5 Nxa5 20. Bxa5 Be4 21. Qc3 ({RR} 21. Rxd8+ Rxd8 22. Qc3 Bd6 23.
Nd4 Nd5 24. Qc6 Bxg2 25. Kxg2 Be5 26. Rd1) ({RR} 21. Nd4 Bxg2 ({RR} 21... Bxd4
22. exd4 Rd7 23. f3 Bd5 24. Qxe7 Rxe7 25. Rxc7) 22. Kxg2 Rbc8 23. Bb4 Bxb4 24.
axb4) 21... Rxd1+ 22. Rxd1 Re8 {Gelfand,B (2751)-Wang,H (2737) Tashkent 2012
CBM 152 [Sumets,A] 1/2-1/2 (42)}) 8... Be7 $146 ({RR} 8... Nxe5 9. dxe5 Nd5 10.
Nc3 Nxc3 11. bxc3 c6 12. a4 Qc7 13. Qd4 Rd8 14. f4 Be7 15. a5 c5 16. Qe4 Bc6
17. Qc2 Rd3 18. Rd1 Bxg2 19. Kxg2 Qd7 20. Rxd3 cxd3 21. Qa4 c4 22. Kf3 Qb5 23.
Bd2 {Voiteanu,C (2250)-Vioreanu,B (2408) Mamaia 2013 0-1 (37)}) ({RR} 8... Nxe5
9. dxe5 Nd5 10. Bxd5 exd5 11. Qxd5 Bc6 12. Qxd8+ Rxd8 13. Bd2 h5 14. h3 Rh6 15.
Bc3 Bc5 16. Nd2 b5 17. b4 Rd3 18. Rac1 Rxc3 19. Rxc3 Bxb4 20. Rc2 Bxd2 21. Rxd2
Bf3 22. Re1 c3 23. Rd3 {Sabirov,T (1834)-Palachev,P (2336) Chelyabinsk RUS
2021 0-1 (43)}) ({RR} 8... Nxe5 9. dxe5 Nd5 10. Bxd5 exd5 11. Qxd5 Bc6 12. Qd4
b5 13. Nc3 h5 14. f3 Be7 15. Bd2 O-O 16. Rad1 f6 17. Qh4 Qe8 18. e4 fxe5 19.
Bg5 Bc5+ 20. Kg2 Bd4 21. Rd2 Qg6 22. Ne2 Bc5 23. Be7 {Flear,G (2485)-Korneev,O
(2590) Asti 1997 0-1 (32)}) ({RR} 8... Nxe5 9. dxe5 Nd5 10. Nc3 Nxc3 11. bxc3
Rb8 12. Qg4 h5 13. Qf4 g5 14. Qe4 Ba4 15. f4 Qd3 16. Rb1 c6 17. fxg5 Qxe4 18.
Bxe4 Bc5 19. Rb2 Ke7 20. Kg2 h4 21. Rf4 h3+ 22. Kf1 Rhg8 23. Rbf2 {Krause,U 
(2308)-Ernst,S (2590) Groningen 2010 0-1 (64)}) 9. Nxc6 Bxc6 10. Bxc6+ bxc6 11.
Qa4 Qd7 12. Qxc4 Qd5 13. Qc2 O-O 14. Rd1 Rad8 15. Nc3 Qh5 16. Qe2 Qxe2 17. Nxe2
c5 18. Bd2 Rd7 19. Ba5 Rb8 20. b3 Rb5 21. Be1 cxd4 22. Rxd4 Rbd5 23. Kg2 Rxd4
24. Nxd4 Ba3 25. Nc2 Bc5 26. Rc1 Kf8 27. Nb4 Bxb4 28. Bxb4+ Ke8 29. Rc6 Nd5 30.
Bc5 Nc3 31. Bd4 Nxa2 32. Rxa6 Nb4 33. Ra8+ Rd8 34. Ra4 Nc6 35. Bxg7 Rd3 36. Rc4
Kd7 37. b4 Rb3 38. Bf8 Ne5 39. Re4 Ng6 40. Bc5 f5 41. Rd4+ Kc6 42. Rd8 e5 43.
Ra8 e4 44. Ra6+ Kd5 45. Rf6 1-0

[Event "Floripa Chess Open 2024"]
[Site "Florianopolis"]
[Date "2024.01.28"]
[Round "10.75"]
[White "Garmendia Vega, Gabriel"]
[Black "Fuxz, Diego"]
[Result "1/2-1/2"]
[WhiteElo "1937"]
[BlackElo "1749"]
[PlyCount "90"]
[EventDate "2024.01.20"]
[EventRounds "10"]
[EventCountry "BRA"]

1. e4 e5 2. Nf3 Nc6 3. Bb5 a6 4. Ba4 Bc5 5. c3 Nge7 6. d4 exd4 7. cxd4 Bb4+ 8.
Bd2 ({RR} 8. Nc3 d5 9. e5 Bg4 10. Be3 O-O 11. h3 Bh5 12. g4 Bg6 13. Nh4 b5 14.
Bb3 Nxd4 15. Qxd4 c5 16. Qf4 d4 17. Rd1 Qc7 18. O-O dxe3 19. Qxe3 c4 20. Nxg6
Nxg6 21. Nd5 Qxe5 22. Qxe5 Nxe5 {Aronian,L (2782)-Nihal,S (2650) Kolkata IND
2021 1/2-1/2 (37)}) ({RR} 8. Nc3 O-O 9. d5 Na7 10. O-O d6 11. a3 Bxc3 12. bxc3
Bg4 13. Qd3 Ng6 14. c4 Nc8 15. Bb2 Nb6 16. Bb3 Nd7 17. Rae1 Nc5 18. Qc2 f5 19.
Qc3 Qd7 20. exf5 Bxf5 21. Nd4 Bd3 22. Ne6 Bxf1 {Laangry,R-Zanin,C (1403)
Europe-Echecs INT 2022 1-0 (47)}) 8... b5 9. Bb3 Ng6 $146 ({RR} 9... Bxd2+ 10.
Nbxd2 d5 11. O-O O-O 12. Rc1 Na5 13. Bc2 c6 14. Bb1 Nc4 15. Nxc4 dxc4 16. Qc2
Bg4 17. Rcd1 f5 18. Rfe1 Qb6 19. Re3 Rad8 20. Qd2 f4 21. Rc3 Ng6 22. b3 cxb3
23. axb3 Rf7 24. Rc5 {Hickman,J (2058)-Weidman,M Hastings 2007 1-0 (31)}) 10.
Bxb4 Nxb4 11. Bxf7+ Kxf7 12. Qb3+ d5 13. Qxb4 dxe4 14. Nfd2 Qg5 15. O-O Bb7 16.
Qb3+ Bd5 17. Qg3 Qxg3 18. fxg3+ Ke6 19. Nc3 Rhf8 20. Rfe1 Rae8 21. Rac1 Re7 22.
Ndxe4 Bxe4 23. Nxe4 Kd5 24. Nc5 Rxe1+ 25. Rxe1 Rf6 26. h4 Kxd4 27. Ne6+ Kd3 28.
h5 Kd2 29. Re4 Nf8 30. Nxf8 Rxf8 31. Re7 Rf5 32. g4 Rg5 33. Rxc7 h6 34. Kf2
Rxg4 35. Kf3 Rg5 36. g4 a5 37. Kf4 a4 38. a3 Kd3 39. Rc3+ Kd2 40. Rc6 Kd3 41.
Rc7 Kd2 42. Rc3 Kd1 43. Rc6 Kd2 44. Rc3 Kd1 45. Rc6 Kd2 1/2-1/2

[Event "Floripa Chess Open 2024"]
[Site "Florianopolis"]
[Date "2024.01.28"]
[Round "10.76"]
[White "Marcolino, Antonio Claudio H."]
[Black "Felix, Joao Eduardo Orland"]
[Result "1/2-1/2"]
[WhiteElo "1925"]
[BlackElo "1703"]
[PlyCount "97"]
[EventDate "2024.01.20"]
[EventRounds "10"]
[EventCountry "BRA"]

1. d4 Nf6 2. c4 e6 3. Nc3 Bb4 4. Qc2 c5 5. dxc5 Qa5 6. Bd2 Qxc5 7. e3 d5 8.
cxd5 Nxd5 9. Rc1 Nc6 10. Nf3 Bxc3 11. Bxc3 Nxc3 12. Qxc3 Qxc3+ 13. Rxc3 a6 $146
({RR} 13... Bd7 14. Bb5 Ke7 15. Ke2 a6 16. Bxc6 Bxc6 17. Nd4 Bxg2 18. Rg1 Bd5
19. Rxg7 Kf6 20. Rg3 Rac8 21. a3 e5 22. Nc2 Be4 23. Ne1 Rxc3 24. bxc3 Rc8 25.
Kd2 h5 26. f3 Bc6 27. Rh3 Kg6 28. Rg3+ {Dixon,D (2055)-Lopez,J (2042)
Arlington 2014 0-1 (77)}) 14. Be2 Ke7 15. O-O Bd7 16. Rfc1 Rac8 17. a3 f6 18.
Nd2 Na5 19. b4 Rxc3 20. Rxc3 Nc6 21. Ne4 Rc8 22. Nc5 Nb8 23. Bd3 h6 24. f4 b6
25. Ne4 Rxc3 26. Nxc3 Bc6 27. Kf2 Bb7 28. g3 Nd7 29. Na4 b5 30. Nc3 Nb6 31. Ke2
Nd7 32. Kd2 Nb6 33. Ne2 Kd6 34. Nd4 f5 35. Be2 g6 36. Nb3 Nd7 37. Kc3 Bd5 38.
Nd4 e5 39. Nf3 e4 40. Nd4 Nb6 41. Nc2 Bc4 42. Bxc4 Nxc4 43. a4 Nb6 44. axb5
axb5 45. Kd4 Nd5 46. Na3 Nxb4 47. Nxb5+ Ke6 48. Nc7+ Kd6 49. Nb5+ 1/2-1/2

[Event "Floripa Chess Open 2024"]
[Site "Florianopolis"]
[Date "2024.01.28"]
[Round "10.77"]
[White "Da Rosa, Henrique Jaze Simoe"]
[Black "Moreira, Iloyziel Joao Da Si"]
[Result "1-0"]
[WhiteElo "1917"]
[BlackElo "1737"]
[PlyCount "51"]
[EventDate "2024.01.20"]
[EventRounds "10"]
[EventCountry "BRA"]

1. Nf3 c6 2. c4 Nf6 3. g3 g6 4. Bg2 Bg7 5. O-O d5 6. cxd5 cxd5 7. d4 O-O 8. Nc3
Nc6 9. Bf4 Nh5 10. Be3 a6 ({RR} 10... Nf6) 11. Rc1 Bg4 $146 ({RR} 11... Re8 12.
h3 Nf6 13. Ne5 Na7 14. Qb3 e6 15. Na4 b5 16. Nc5 Nd7 17. Ncxd7 Bxd7 18. Bf4
Bxe5 19. Bxe5 Nc6 20. Qe3 Nxe5 21. Qxe5 Ra7 22. h4 Qb8 23. Qxb8 Rxb8 24. Rc5
Kf8 25. Rfc1 Ke7 26. Bf3 {Nadj,Z (2082)-Jelovac,I (1894) Subotica 2017 1/2-1/2
(39)}) 12. Qb3 e5 13. Nxd5 Nxd4 14. Bxd4 exd4 15. Rfd1 Rb8 16. Nxd4 Qa5 17.
Ne7+ Kh8 18. Bxb7 Qg5 19. Nec6 Bh3 20. Nf3 Qb5 21. Qxb5 axb5 22. Nxb8 Rxb8 23.
Rc7 Bxb2 24. Ng5 Bg4 25. Nxf7+ Kg8 26. Nh6+ 1-0

[Event "Floripa Chess Open 2024"]
[Site "Florianopolis"]
[Date "2024.01.28"]
[Round "10.78"]
[White "Frattini, Beatriz Maria"]
[Black "Bonilla Viamonte, Diego Armando"]
[Result "1/2-1/2"]
[WhiteElo "1873"]
[BlackElo "1620"]
[PlyCount "101"]
[EventDate "2024.01.20"]
[EventRounds "10"]
[EventCountry "BRA"]

1. e4 {Lukacs,P} c6 2. d4 d5 3. f3 e6 4. Nc3 Bb4 5. Bf4 Bxc3+ ({RR} 5... Ne7 6.
Qd3 ({RR} 6. Nge2 Ng6 ({RR} 6... O-O 7. a3 ({RR} 7. Qd2 {RR} Nd7 8. Ng3 dxe4 9.
fxe4 e5 10. dxe5 Qa5 11. Bd3 Nxe5 12. O-O N7g6 13. Bxe5 Qxe5 14. Nf5 Be6) 7...
Ba5 8. Qd3 ({RR} 8. Qd2 Nd7 9. Bg3 ({RR} 9. e5 c5 10. dxc5 Bc7 11. Nd4 Bxe5 12.
Bxe5 Nxe5 13. f4 Nd7 14. b4 b6 15. c6 Nb8 16. b5 a6) ({RR} 9. g3 c5 10. exd5
cxd4 11. Qxd4 ({RR} 11. dxe6 dxc3 12. exf7+ Rxf7 13. Nxc3 Kh8 14. O-O-O Rf8 15.
Bc4 Ng6 16. Bd6 Rxf3 17. Qe2 Qg5+ 18. Kb1 Qe3) 11... Nxd5) ({RR} 9. Bg5 f6 10.
Be3 e5 11. b4 Bb6 12. exd5 cxd5 13. Rd1 Re8) ({RR} 9. h4 b5 10. Nc1 c5 11. Nb3
({RR} 11. dxc5 d4 12. Qxd4 e5) 11... cxd4 12. Nxa5 dxc3 13. Qxc3 e5) 9... b5
10. Nc1 Bb6 11. b4 a5 12. Nb3 axb4 13. axb4 Rxa1+ 14. Nxa1 dxe4 15. Nxe4 Nf5
16. Nb3 e5 17. Bf2 exd4) 8... Nd7 9. Bd6 Bc7 10. Bxc7 Qxc7 11. O-O-O b5 12. Qe3
a5) ({RR} 6... Nd7 7. a3 Ba5 8. Qd3 dxe4 9. fxe4 e5 10. dxe5 Ng6 11. e6 fxe6
12. Bd6 Nde5 13. Bxe5 Nxe5 14. Qg3 Ng6) 7. Bg3 dxe4 8. fxe4 e5 9. Qd3 Bg4 10.
a3 Ba5 11. dxe5 Nd7 12. h3 Bxe2 13. Bxe2 Ngxe5 14. Qe3 Qb6 15. Qxb6 Bxb6 16.
O-O-O f6) 6... b6 ({RR} 6... Nd7 7. O-O-O ({RR} 7. Nge2 dxe4 8. fxe4 e5 9. dxe5
Ng6 10. e6 fxe6 11. Bd6 Nde5) 7... O-O 8. Nge2 Nb6) 7. Nge2 Ba6 ({RR} 7... a5
8. a3 ({RR} 8. O-O-O Ba6 9. Qe3 Nd7 10. h4 O-O 11. a3 Bxc3 12. Qxc3 c5 13. Bd6
Rc8 14. Kb1 Re8 15. Bxe7 Qxe7) 8... Ba6 9. Qe3 Bd6 10. Ng3 Bxf1 11. Rxf1 Bxf4
12. Qxf4 Ng6 13. Qe3 O-O 14. O-O-O b5) 8. Qe3 O-O 9. O-O-O ({RR} 9. a3 Bd6 10.
O-O-O Bxf4 11. Nxf4 Bxf1 12. Rhxf1 Qd6 13. Nd3 Nd7) 9... c5 ({RR} 9... Ng6 10.
a3 ({RR} 10. Bg5 f6) 10... Be7 11. Bg3 Nd7 12. Nf4 Bxf1 13. Nxg6 hxg6 14. Rhxf1
b5) 10. a3 Bxc3 11. Qxc3 Bxe2 ({RR} 11... cxd4 12. Nxd4 {RR} Bxf1 13. Rhxf1 Nd7
14. Bg5 Rc8 15. Qe3 ({RR} 15. Qb4 Nc5 16. exd5 f6 17. Nc6 Nxc6 18. dxc6 Qc7 19.
Be3 Qxc6) 15... Re8 16. Bxe7 Rxe7 17. exd5) 12. Bxe2 c4 ({RR} 12... cxd4 13.
Qxd4 Nbc6 14. Qf2) 13. h4 b5 ({RR} 13... Nbc6 14. h5 b5 15. h6 g6 16. g4 Nc8
17. Qe3 ({RR} 17. g5 a5) 17... Nb6 18. Bg5 f6 19. Bh4 Qd7 20. Rhe1 b4 21. Bf1
Rae8 22. axb4 Nxb4 23. Qa3 Qb5 ({RR} 23... Qd6 24. Kb1 ({RR} 24. e5 fxe5 25.
dxe5 Qc5 26. c3 Nd3+ 27. Bxd3 Qxa3 28. bxa3 cxd3 29. Rxd3 Nc4))) 14. Qe1 ({RR} 
14. h5 a5) 14... Nbc6 15. h5 Qd7 ({RR} 15... dxe4 16. fxe4 Nxd4 17. Kb1 Qb6 ({
RR} 17... Nec6 18. h6 g6 19. c3 Qf6 20. Bd6 Rfd8 21. Rf1) 18. h6 g6 19. Qh4)
16. g4 f6 ({RR} 16... b4 17. axb4 Qb7 18. h6 g6 19. Bd6 a5 20. b5 Qxb5 21. Qh4
f6) 17. Bf1 Rad8 ({RR} 17... Nxd4 18. Rxd4 ({RR} 18. exd5 e5) 18... e5 19. Rd1
exf4) 18. Bh3 ({RR} 18. g5 f5) 18... dxe4 ({RR} 18... a5 19. g5 f5 20. g6 h6
21. Qe3 b4 22. Bxh6 c3 23. Bg5 cxb2+ 24. Kxb2 bxa3+ 25. Ka1) 19. fxe4 Nxd4 20.
g5 {Morozevich,A (2732)-Bologan,V (2665) Sochi 2004 CBM 101 [Lukacs,P] 1-0} {RR
} b4 21. Be3 ({RR} 21. h6 bxa3 22. Rxd4 a2) ({RR} 21. Qe3 bxa3 ({RR} 21... c3
22. bxc3 bxc3 23. gxf6) 22. bxa3 Nec6 23. gxf6 Qb7) ({RR} 21. gxf6 bxa3 22.
fxe7 a2 23. exf8=Q+ Rxf8 24. Kd2 ({RR} 24. Bxe6+ Qxe6 25. Qa5 Ne2+ 26. Kd2 Nxf4
) 24... Rxf4) 21... Nec6 ({RR} 21... bxa3 22. Rxd4 a2 ({RR} 22... axb2+ 23.
Kxb2 Qb5+ 24. Kc1 Rb8 25. Bxe6+ Kh8 26. h6) 23. Qa5) 22. axb4 ({RR} 22. gxf6
bxa3) 22... Qe7 23. gxf6 Qxf6 24. h6) ({RR} 5... Nf6 6. Qd3 b6 ({RR} 6... O-O
7. Nge2 c5) 7. Nge2 Ba6 ({RR} 7... O-O) 8. Qe3 O-O ({RR} 8... Nbd7 9. e5 Ng8
10. a3 Be7 11. g4 Bh4+ 12. Bg3 Bxg3+ 13. Nxg3 Bxf1 14. Rxf1 Qe7 15. O-O-O b5
16. Nb1 a5 17. f4 b4 18. f5) ({RR} 8... Bxc3+ 9. Nxc3 Bxf1 10. Rxf1 O-O ({RR} 
10... Qd7 11. O-O-O O-O 12. g4 Rc8 13. Bg5 Ne8 14. f4 dxe4 15. f5) 11. O-O-O
Ne8 12. Rfe1 ({RR} 12. e5 Qc7 13. Kb1 c5 14. Nb5 ({RR} 14. Ne2 Nc6 15. dxc5 Na5
16. cxb6 axb6 17. Nd4 Nc4 18. Qb3 Qb7) 14... Qc6 15. Nd6 Nd7) ({RR} 12. Bg5)
12... Nd6 13. Qd3 Nc4) 9. O-O-O Be7 ({RR} 9... c5 10. a3 ({RR} 10. dxc5 Bxc5
11. Qd2 Nc6 12. exd5 Nxd5 13. Nxd5 exd5 14. Qxd5 Qxd5 15. Rxd5 Nb4)) ({RR} 9...
Nbd7 10. h3 Rc8 11. a3 Be7 ({RR} 11... Bxc3 12. Nxc3 Bxf1 13. Rhxf1 b5 14. Bd6
Re8 15. e5 Nb6 16. b3 Nfd7 17. f4) 12. g4 Ne8 13. g5 Nd6 14. Bxd6 Bxd6 15. h4
b5 16. e5 Be7) 10. g4 c5 ({RR} 10... b5 11. Ng3 b4 12. Nce2 Bc4) 11. exd5 Nxd5
12. Nxd5) 6. bxc3 Ne7 $146 ({RR} 6... Nf6 7. Qd3 O-O 8. Ne2 Ne8 9. Ng3 Nd7 10.
Be2 Nb6 11. Qd2 Nd6 12. Bxd6 Qxd6 13. a4 Qe7 14. a5 Nd7 15. O-O Rd8 16. e5 c5
17. f4 f5 18. Kh1 g6 19. Rg1 Nf8 20. Nf1 Bd7 21. Ne3 {Pascual Arevalo,
A-Gonzalez de Lena,A Spain 1989 1-0 (51)}) ({RR} 6... dxe4 7. fxe4 Nf6 8. Bd3
c5 9. Nf3 Nc6 10. e5 Nd5 11. Bd2 cxd4 12. cxd4 Nxd4 13. O-O Nxf3+ 14. Qxf3 O-O
15. Rae1 Bd7 16. Qh3 g6 17. Qh6 f5 18. exf6 Rxf6 19. c4 Rxf1+ 20. Rxf1 Qb6+ 21.
Rf2 {Jakic,I (2398)-Arjun,B (2178) Zadar 2011 1-0}) 7. Bd3 Nd7 8. Ne2 f6 9. O-O
g5 10. Bg3 h5 11. exd5 exd5 12. Bd6 Nf8 13. Ba3 Be6 14. Re1 Qd7 15. Bc5 b6 16.
Bxe7 Kxe7 17. f4 Kd6 18. Qd2 Rg8 19. c4 Kc7 20. cxd5 Bxd5 21. c4 Bxg2 22. Kxg2
Qg4+ 23. Ng3 gxf4 24. Re7+ Nd7 25. Re4 h4 26. Rxf4 Qg5 27. Rf2 Qxd2 28. Rxd2
hxg3 29. hxg3 Rg4 30. Bf5 Rg5 31. g4 Re8 32. Kf3 Rg7 33. Rh1 c5 34. Rhd1 cxd4
35. Bxd7 Rxd7 36. Rxd4 Red8 37. Rd5 Rxd5 38. Rxd5 Rxd5 39. cxd5 Kd6 40. Ke4 b5
41. Kf5 b4 42. Kxf6 a5 43. g5 a4 44. g6 b3 45. g7 bxa2 46. g8=Q a1=Q+ 47. Kf5
Qe5+ 48. Kg4 Qe4+ 49. Kg3 Qxd5 50. Qd8+ Ke5 51. Qe8+ 1/2-1/2

[Event "Floripa Chess Open 2024"]
[Site "Florianopolis"]
[Date "2024.01.28"]
[Round "10.79"]
[White "De Menezes, Ricardo Fagner Dias"]
[Black "Do Carmo, Gabriel Carckeno"]
[Result "0-1"]
[WhiteElo "1675"]
[BlackElo "1869"]
[PlyCount "70"]
[EventDate "2024.01.20"]
[EventRounds "10"]
[EventCountry "BRA"]

1. d4 Nf6 2. c4 e6 3. Nf3 d5 4. g3 Bb4+ 5. Bd2 Be7 6. Qc2 b6 7. cxd5 exd5 8.
Bg2 Bb7 9. Nc3 O-O 10. O-O Nbd7 11. Bf4 a6 ({RR} 11... c5 12. Rfd1 Rc8 13. dxc5
Nxc5 14. Bh3 Ne6 15. Be5 Nd7 16. Bd4 Rc4 17. b3 Nxd4 18. Nxd4 Rc5 19. Qd2 Nf6
20. Nf5 Re8 21. Bg2 Bf8 22. Ne3 Qc7 23. Rac1 d4 24. Qxd4 Bxg2 25. Kxg2 Rc8 26.
Ned5 {Goganov,A (2569)-Petrosian,T (2639) Yerevan 2014 1/2-1/2 (51)}) 12. Rac1
({RR} 12. Rfd1 Rc8 13. Rac1 Re8 14. Ne5 Nf8 15. Bg5 Ne6 16. Bxf6 Bxf6 17. f4 c5
18. dxc5 Rxc5 19. Qf5 g6 20. Qd3 Qc7 21. b4 Bxe5 22. bxc5 Bd4+ 23. Kh1 Bxc5 24.
Nxd5 Bxd5 25. Qxd5 Rd8 26. Qc6 Qe7 {Kobo,O (2516)-Altman,J (2095) chess.com
INT 2022 1-0 (47)}) 12... Rc8 13. Ne5 $146 ({RR} 13. Rfd1 Re8 14. Ne5 Nf8 15.
Bh3 Ne6 16. Be3 Bd6 17. Qb3 c5 18. Nf3 c4 19. Qc2 b5 20. a3 Rc7 21. Ne5 Nxd4
22. Bxd4 Bxe5 23. Bb6 Qe7 24. Bxc7 Bxc7 25. Bg2 Bb6 26. Nxd5 Bxd5 27. Bxd5
Bxf2+ {Barrajon,J-Molina Navarro,J Albacete 1991 1-0 (39)}) ({RR} 13. Rfd1 Re8
14. Bh3 Bf8 15. Bg5 Be7 16. Ne5 Ra8 17. Qf5 Nxe5 18. Qxe5 Bd6 19. Bxf6 Qxf6 20.
Qxf6 gxf6 21. Bf5 Bb4 22. e3 Rad8 23. a3 Bd6 24. Rd2 Kg7 25. Rdc2 Re7 26. h4 h6
27. Ne2 Rg8 {Presnyakov,S (1989)-Dementieva,J (1645) Kimry 2011 1-0}) 13... c5
14. Nxd7 Qxd7 15. dxc5 bxc5 16. Bg5 d4 17. Bxb7 Qxb7 18. Bxf6 Bxf6 19. Ne4 Be7
20. b3 Rfd8 21. Qd3 Qd5 22. Nd2 Bg5 23. Rfd1 Rc6 24. Rc2 Re8 25. Nf3 Bf6 26.
Rdc1 Rec8 27. Rc4 Be7 28. Qd1 g5 29. Qd3 g4 30. Ne1 Rh6 31. Qxd4 cxd4 32. Rxc8+
Kg7 33. Re8 Qh5 34. h4 Bxh4 35. Rcc8 Bd8 0-1